000 00344nam a2200133Ia 4500
008 240624s9999 xx 000 0 und d
041 _aeng
082 _a658.022 MUL
100 _aMULLINS JOHN W
245 _aNEW BUSINESS ROAD TEST
260 _c2007
_aDelhi
_bFinancial Times/Prentice Hall
300 _a305 : p. : cm. ; 24
365 _cRS
_b36
999 _c12132
_d12132